000 01043cam a2200253 4500
001 ABS62580
008 000000n2000 000 0 eng u
035 _a(Sirsi) u107371
100 _aMatysiak, G.
245 _aModelling supply and demand in the City of London office market
260 _c2000
490 _aProperty Forecast
_v3(7) July 2000, 4-5(2)
520 _aResearch in the study of econometric models of local office market has been extended by the report "Forecasting office supply and demand" published by the RICS Research Foundation. Discusses the City office model, and the statistics and rental data available. Graph.
590 _aABS
650 _aECONOMETRIC MODELS
650 _aFORECASTS
650 _aLONDON
650 _aPROPERTY-COMMERCIAL PROPERTY-OFFICE PROPERTY-OFFICE PROPERTY MARKET
650 _aABOUT RICS-RELATED ORGANISATIONS-RICS RESEARCH FOUNDATION
650 _aSUPPLY AND DEMAND
650 _aRESEARCH
690 _aPROPERTY-COMMERCIAL PROPERTY-COMMERCIAL PROPERTY MARKET
942 _n0
999 _c64201
_d64201